Enhancing performance under stress : stress inoculation training for battlefield airmen /

Bibliographic Details
Main Authors: Robson, Sean (Author), Manacapilli, Thomas (Author)
Corporate Author: Project Air Force (U.S.)
Format: Book
Language:English
Published: Santa Monica, CA : RAND, [2014]
Subjects:

MARC

Tag First Indicator Second Indicator Subfields
LEADER 00000cam a22000008i 4500
001 in00003460321
005 20151206103858.0
008 140128s2014 caua b 000 0 eng
010 |a  2014003501 
019 |a 870284939 
020 |a 9780833078445 (pbk. : alk. paper) 
020 |a 0833078445 (pbk. : alk. paper) 
035 |a (OCoLC)ocn869460679 
035 |a (OCoLC)869460679  |z (OCoLC)870284939 
040 |a DLC  |b eng  |e rda  |c DLC  |d YDXCP  |d BDX  |d BTCTA  |d OCLCO  |d IUL  |d CUS  |d NUI  |d TXA  |d UtOrBLW 
042 |a pcc 
043 |a n-us--- 
049 |a TXAM 
050 0 0 |a UG638  |b .R63 2014 
082 0 0 |a 358.4/15  |2 23 
100 1 |a Robson, Sean,  |e author. 
245 1 0 |a Enhancing performance under stress :  |b stress inoculation training for battlefield airmen /  |c Sean Robson, Thomas Manacapilli. 
263 |a 1403 
264 1 |a Santa Monica, CA :  |b RAND,  |c [2014] 
264 4 |c © 2014 
300 |a xiii, 43 pages :  |b illustrations ;  |c 28 cm 
336 |a text  |b txt  |2 rdacontent 
337 |a unmediated  |b n  |2 rdamedia 
338 |a volume  |b nc  |2 rdacarrier 
500 |a "RR-750-AF"--Page 4 of cover. 
500 |a At head of title: Project Air Force. 
504 |a Includes bibliographical references (pages 39-43). 
610 1 0 |a United States.  |b Air Force  |x Airmen  |x Training of. 
650 0 |a Aeronautics, Military  |x Study and teaching  |z United States. 
610 1 0 |a United States.  |b Air Force.  |b Air Education and Training Command. 
700 1 |a Manacapilli, Thomas,  |e author. 
710 2 |a Project Air Force (U.S.) 
948 |a cataloged  |b h  |c 2014/8/20  |d c  |e ceaton  |f 10:42:54 am 
994 |a C0  |b TXA 
999 |a MARS 
999 f f |s 29432746-4b38-3222-ac81-f7c18110a768  |i 199f9754-2079-30b6-8cf5-f0b5b30f2657  |t 0 
952 f f |p normal  |a Texas A&M University  |b College Station  |c Sterling C. Evans Library  |d Evans: Library Stacks  |t 0  |e UG638 .R63 2014  |h Library of Congress classification  |i unmediated -- volume  |m A14842739055 
998 f f |a UG638 .R63 2014  |t 0  |l Evans: Library Stacks